Europe if EU was a country - Statistics

General Stats
  • This quiz has been taken 153 times
    85 since last reset
  • The average score is 17 of 25
Answer Stats
Area Country % Correct
3,972,400 Russia
92%
385,171 Norway
89%
603,628 Ukraine
88%
77,453 Serbia
85%
0.44 Vatican City
85%
10,908 Kosovo
81%
468 Andorra
79%
51,129 Bosnia and Herzegovina
79%
2 Monaco
79%
61 San Marino
79%
41,290 Switzerland
79%
28,748 Albania
78%
13,812 Montenegro
78%
23,507 Thrace (Turkey)
78%
207,600 Belarus
77%
160 Liechtenstein
77%
102,775 Iceland
75%
25,713 Macedonia
75%
33,846 Moldova
74%
4,368,162 European Union
62%
180,000 Kazakhstan
47%
1,399 Faroe Islands
22%
78 Guernsey
21%
118 Jersey
21%
572 Isle of Man
18%
No matching quizzes found
Score Distribution
Percent of People with Each Score
Percentile by Number Answered
Your Score History
You have not taken this quiz since the last reset